[Event "Berlin Lieb Memorial 2nd"]
[Site "Berlin"]
[Date "2016.06.23"]
[Round "6"]
[White "Jurkatis, Hagen"]
[Black "Zur, Jan"]
[Result "0-1"]
[WhiteElo "1985"]
[BlackElo "2121"]
[PlyCount "48"]
[EventDate "2016.05.19"]
[EventType "swiss"]
[EventRounds "7"]
[EventCountry "GER"]
[SourceTitle "EXT 2022"]
[Source "ChessBase"]
[SourceDate "2021.10.06"]
[SourceVersion "1"]
[SourceVersionDate "2021.10.06"]
[SourceQuality "1"]

1. f4 d5 2. Nf3 Nf6 3. d3 c5 4. g3 Nc6 5. Bg2 Qc7 6. Nc3 d4 7. Ne4 e5 8. Nxe5 Nxe5 9. fxe5 Nxe4 10. dxe4 Qxe5 11. Bf4 Qe6 12. 0-0 Bd7 13. e3 dxe3 14. Bxe3 Bc6 15. Qf3 Be7 16. Rad1 0-0 17. Qf5 Qxa2 18. e5 Bxg2 19. Kxg2 Qxb2 20. Rd7 Rae8 21. Bg5 g6 22. Qf2 Bxg5 23. Rxf7 Bh6 24. e6 Qe5 0-1

[Event "Berlin Lichtenberger op 14th"]
[Site "Berlin"]
[Date "2015.08.18"]
[Round "4"]
[White "Zur, Jan"]
[Black "Ortmann, David"]
[Result "1/2-1/2"]
[WhiteElo "2103"]
[BlackElo "2302"]
[PlyCount "94"]
[EventDate "2015.08.15"]
[EventType "swiss"]
[EventRounds "9"]
[EventCountry "GER"]
[SourceTitle "EXT 2016"]
[Source "ChessBase"]
[SourceDate "2015.10.08"]
[SourceVersion "1"]
[SourceVersionDate "2015.10.08"]
[SourceQuality "1"]

1. e4 e6 2. d4 d5 3. Nd2 Be7 4. Bd3 c5 5. dxc5 Nf6 6. Ngf3 dxe4 7. Nxe4 Nxe4 8. Bxe4 Qxd1+ 9. Kxd1 Bxc5 10. Ke2 Nd7 11. Rd1 Nf6 12. Bd3 0-0 13. Ng5 b6 14. Ne4 Nxe4 15. Bxe4 Ba6+ 16. Bd3 Bb7 17. f3 Rfc8 18. Be3 Kf8 19. Rd2 Bd5 20. Bxc5+ Rxc5 21. Rad1 Rac8 22. a3 R8c7 23. c3 Ke7 24. Ke3 a5 25. f4 h6 26. Be4 Bb3 27. Bc2 Bxc2 28. Rxc2 f5 29. Rcd2 Rb5 30. a4 Rbc5 31. Rd6 Rb7 32. R6d4 b5 33. R1d2 g5 34. g3 bxa4 35. Rxa4 Rcb5 36. Ra2 Kf6 37. Kd3 e5 38. fxe5+ Kxe5 39. Re2+ Kf6 40. c4 Rb3+ 41. Kd4 Rd7+ 42. Kc5 Rc7+ 43. Kd4 Rb4 44. b3 Rd7+ 45. Kc3 Rdb7 46. Rxa5 Rxb3+ 47. Kd4 f4 1/2-1/2

[Event "Berlin Kreuzberg op"]
[Site "Berlin"]
[Date "2015.07.14"]
[Round "4"]
[White "Zur, Jan"]
[Black "Schmalzried, Volker"]
[Result "1/2-1/2"]
[WhiteElo "2093"]
[BlackElo "1894"]
[PlyCount "117"]
[EventDate "2015.07.11"]
[EventType "swiss"]
[EventRounds "9"]
[EventCountry "GER"]
[SourceTitle "CBM 167 Extra"]
[Source "ChessBase"]
[SourceDate "2015.09.14"]
[SourceVersion "1"]
[SourceVersionDate "2015.09.14"]
[SourceQuality "1"]

1. e4 c5 2. Nf3 Nc6 3. Bb5 g6 4. 0-0 Bg7 5. Re1 Nf6 6. e5 Ng4 7. Bxc6 bxc6 8. d4 cxd4 9. Qxd4 Nh6 10. Bxh6 Bxh6 11. e6 0-0 12. exf7+ Rxf7 13. Ne5 Rf4 14. Qd3 Qf8 15. Nc3 Bg7 16. Nxd7 Bxd7 17. Qxd7 Bxc3 18. bxc3 Rxf2 19. Qxc6 Rf7 20. Qe6 Rd8 21. Rad1 Kg7 22. Qe5+ Kg8 23. Qe6 Kg7 24. c4 Rxd1 25. Rxd1 Qb8 26. Qe3 Qf4 27. Qxa7 Qxc4 28. Qd4+ Qxd4+ 29. Rxd4 e5 30. Rb4 Rd7 31. Rb1 Rd2 32. a4 Rxc2 33. Ra1 Rc6 34. a5 Ra6 35. Kf2 Kf6 36. Ke3 Kf5 37. Ra4 h5 38. g3 Kf6 39. Ke4 Ke6 40. Ra1 Kd6 41. h4 Ke6 42. Ra2 Kf6 43. Ra3 Ke6 44. Ra4 Kf6 45. Kd5 Kf5 46. Kc5 e4 47. Kb5 Ra8 48. Kc4 Re8 49. Kc3 Kg4 50. a6 Kxg3 51. a7 Ra8 52. Kd4 Kxh4 53. Kxe4 Kg4 54. Ke3+ Kg3 55. Ke2 g5 56. Kf1 g4 57. Kg1 Kh3 58. Ra1 g3 59. Ra5 1/2-1/2

[Event "Berlin Lieb Memorial 1st"]
[Site "Berlin"]
[Date "2015.07.02"]
[Round "7"]
[White "Zur, Jan"]
[Black "Krefenstein, Sergej"]
[Result "1-0"]
[WhiteElo "2076"]
[BlackElo "2171"]
[PlyCount "69"]
[EventDate "2015.05.21"]
[EventType "swiss"]
[EventRounds "7"]
[EventCountry "GER"]
[SourceTitle "EXT 2022"]
[Source "ChessBase"]
[SourceDate "2021.10.06"]
[SourceVersion "1"]
[SourceVersionDate "2021.10.06"]
[SourceQuality "1"]

1. e4 c5 2. Nf3 d6 3. Bb5+ Nc6 4. 0-0 Bd7 5. c4 g6 6. d4 cxd4 7. Nxd4 Bg7 8. Be3 Nf6 9. f3 a6 10. Ba4 0-0 11. Nc3 Ne5 12. Qe2 Rc8 13. Bb3 Qa5 14. Rac1 e6 15. Rfd1 Rfd8 16. h3 Qc7 17. Nb1 Be8 18. Na3 Nc6 19. Qf2 Qb8 20. Nxc6 Bxc6 21. Rc2 d5 22. exd5 exd5 23. Rcd2 dxc4 24. Nxc4 Rxd2 25. Qxd2 Be8 26. Qd6 Qxd6 27. Nxd6 Rb8 28. Bf4 Nh5 29. Nxe8 Rxe8 30. Rd7 Rc8 31. Rxf7 Kh8 32. Be3 b5 33. g4 Nf6 34. Bd4 Rc6 35. g5 1-0

[Event "Berlin Lieb Memorial 1st"]
[Site "Berlin"]
[Date "2015.06.25"]
[Round "6"]
[White "Tuerschmann, Steffen"]
[Black "Zur, Jan"]
[Result "0-1"]
[WhiteElo "1950"]
[BlackElo "2076"]
[PlyCount "126"]
[EventDate "2015.05.21"]
[EventType "swiss"]
[EventRounds "7"]
[EventCountry "GER"]
[SourceTitle "EXT 2022"]
[Source "ChessBase"]
[SourceDate "2021.10.06"]
[SourceVersion "1"]
[SourceVersionDate "2021.10.06"]
[SourceQuality "1"]

1. Nf3 d5 2. d4 Nf6 3. g3 e6 4. Bg2 Be7 5. 0-0 0-0 6. Re1 c5 7. e3 Nc6 8. Nbd2 Qc7 9. c3 b6 10. b3 Bb7 11. Bb2 Rac8 12. Qe2 Rfd8 13. Rac1 Qb8 14. Bh3 Bd6 15. Red1 Rc7 16. Bg2 Re7 17. Qd3 h6 18. Nf1 Ne4 19. N3d2 Nxd2 20. Nxd2 Red7 21. f4 Qc8 22. Nf3 Ba6 23. Qd2 Ne7 24. Kh1 Qb8 25. Rg1 cxd4 26. exd4 Ng6 27. Ne5 Nxe5 28. fxe5 Be7 29. Bh3 Bg5 30. Qd1 Bxc1 31. Bxc1 Rc7 32. Qg4 Kh7 33. Bd2 Bd3 34. Bf1 Be4+ 35. Bg2 Bxg2+ 36. Rxg2 Rdc8 37. Qf3 Qb7 38. Qd3+ Kg8 39. g4 Qc6 40. g5 h5 41. Rg3 g6 42. h4 b5 43. a3 a5 44. Kg1 b4 45. cxb4 axb4 46. Bxb4 Qc1+ 47. Qf1 Rc2 48. Qxc1 Rxc1+ 49. Kh2 R8c2+ 50. Rg2 Rxg2+ 51. Kxg2 Rb1 52. Bc5 Rxb3 53. Bb4 Rb1 54. Bc5 Rd1 55. Kh2 Re1 56. Kg2 Re4 57. Kg3 Rg4+ 58. Kh3 Kg7 59. a4 Rg1 60. a5 Ra1 61. Bb6 Kf8 62. Kg3 Ke8 63. Kf3 Kd7 0-1

[Event "Berlin Lieb Memorial 1st"]
[Site "Berlin"]
[Date "2015.06.18"]
[Round "5"]
[White "Zur, Jan"]
[Black "Grosse, Michael"]
[Result "1-0"]
[WhiteElo "2076"]
[BlackElo "1945"]
[PlyCount "65"]
[EventDate "2015.05.21"]
[EventType "swiss"]
[EventRounds "7"]
[EventCountry "GER"]
[SourceTitle "EXT 2022"]
[Source "ChessBase"]
[SourceDate "2021.10.06"]
[SourceVersion "1"]
[SourceVersionDate "2021.10.06"]
[SourceQuality "1"]

1. e4 c6 2. Nc3 d5 3. Nf3 dxe4 4. Nxe4 Nf6 5. Ng3 g6 6. Bc4 Bg7 7. 0-0 0-0 8. Qe2 Bg4 9. Re1 e5 10. d3 Nbd7 11. Be3 Re8 12. h3 Be6 13. Bxe6 Rxe6 14. Ng5 Re8 15. N3e4 h6 16. Nf3 Nd5 17. Nd6 Re6 18. Nxb7 Qe7 19. Na5 e4 20. dxe4 Nxe3 21. Qxe3 Bxb2 22. Rab1 Bg7 23. Nd4 Bxd4 24. Qxd4 c5 25. Qe3 Nf6 26. e5 Nd5 27. Qf3 Nc7 28. Rb7 Re8 29. Nc4 f6 30. Rxa7 fxe5 31. Qb7 Qf7 32. Rd1 Rf8 33. Qxc7 1-0

[Event "Berlin Lieb Memorial 1st"]
[Site "Berlin"]
[Date "2015.06.04"]
[Round "3"]
[White "Zur, Jan"]
[Black "Von Herman, Ulf"]
[Result "1/2-1/2"]
[WhiteElo "2076"]
[BlackElo "2371"]
[PlyCount "118"]
[EventDate "2015.05.21"]
[EventType "swiss"]
[EventRounds "7"]
[EventCountry "GER"]
[SourceTitle "EXT 2022"]
[Source "ChessBase"]
[SourceDate "2021.10.06"]
[SourceVersion "1"]
[SourceVersionDate "2021.10.06"]
[SourceQuality "1"]

1. e4 g6 2. d4 Bg7 3. Nc3 a6 4. Nf3 b5 5. Bd3 d6 6. Be3 Nd7 7. a4 b4 8. Ne2 c5 9. c3 bxc3 10. bxc3 Ngf6 11. 0-0 0-0 12. Rb1 Qc7 13. h3 Bb7 14. Ng3 Rfb8 15. Qe2 e6 16. Bd2 Nb6 17. e5 dxe5 18. Qxe5 Qxe5 19. dxe5 Nfd7 20. a5 Nc8 21. Be4 Bxe4 22. Nxe4 Ne7 23. Be3 Nd5 24. Nxc5 Rxb1 25. Rxb1 Nxe5 26. Nxe5 Bxe5 27. c4 Nxe3 28. fxe3 Bd6 29. Nd7 Bc7 30. Rb6 Rd8 31. Nc5 Bg3 32. Rb1 Rc8 33. Ne4 Bc7 34. Rb7 f5 35. Nf6+ Kf7 36. Nxh7 Kg7 37. Ng5 Kf6 38. Nh7+ Ke5 39. Nf8 Bxa5 40. Nxg6+ Kf6 41. Nf4 Rxc4 42. g4 fxg4 43. hxg4 e5 44. Ra7 Rc6 45. Nd5+ Kg5 46. Rg7+ Kh4 47. Kf2 e4 48. Re7 Rc2+ 49. Kf1 Kg3 50. Rxe4 Rf2+ 51. Kg1 Rd2 52. Rd4 Rg2+ 53. Kf1 Rf2+ 54. Kg1 Re2 55. Rd1 Kxg4 56. Ra1 Kg3 57. e4 Rg2+ 58. Kf1 Rf2+ 59. Kg1 Rg2+ 1/2-1/2

[Event "Berlin Lieb Memorial 1st"]
[Site "Berlin"]
[Date "2015.05.28"]
[Round "2"]
[White "Starke, Rene Reiner"]
[Black "Zur, Jan"]
[Result "0-1"]
[WhiteElo "1880"]
[BlackElo "2076"]
[PlyCount "74"]
[EventDate "2015.05.21"]
[EventType "swiss"]
[EventRounds "7"]
[EventCountry "GER"]
[SourceTitle "EXT 2022"]
[Source "ChessBase"]
[SourceDate "2021.10.06"]
[SourceVersion "1"]
[SourceVersionDate "2021.10.06"]
[SourceQuality "1"]

1. d4 d5 2. Bf4 Nf6 3. e3 c5 4. c3 Nc6 5. Nd2 Bf5 6. Qb3 Qd7 7. Bb5 a6 8. Qa4 Rc8 9. Bxc6 Rxc6 10. Ngf3 Rb6 11. Qxd7+ Nxd7 12. 0-0-0 e6 13. Ne5 Nxe5 14. Bxe5 f6 15. dxc5 Bxc5 16. Bd4 Bxd4 17. exd4 Kf7 18. Rhe1 Rc8 19. Nb3 Rc4 20. Re3 Ra4 21. Nc5 Rxa2 22. b3 Rc2+ 23. Kb1 Rxc3+ 24. Kb2 Rc2+ 25. Ka3 Rxf2 26. Rg3 h5 27. Rc1 Rc6 28. Rgc3 b5 29. Kb4 Rxg2 30. Nb7 Rxc3 31. Rxc3 Rc2 32. Rxc2 Bxc2 33. Nc5 g5 34. Nxa6 g4 35. Kc3 h4 36. Kxc2 g3 37. hxg3 hxg3 0-1

[Event "Berlin Lichtenberger op 13th"]
[Site "Berlin"]
[Date "2014.08.23"]
[Round "8"]
[White "Kornrumpf, Joachim"]
[Black "Zur, Jan"]
[Result "1/2-1/2"]
[WhiteElo "2061"]
[BlackElo "2088"]
[PlyCount "163"]
[EventDate "2014.08.16"]
[EventType "swiss"]
[EventRounds "9"]
[EventCountry "GER"]
[SourceTitle "CBM 161 Extra"]
[Source "ChessBase"]
[SourceDate "2014.08.29"]
[SourceVersion "1"]
[SourceVersionDate "2014.08.29"]
[SourceQuality "1"]

1. Nf3 d5 2. b3 Nf6 3. Bb2 Bf5 4. e3 e6 5. d4 Nbd7 6. Bd3 Ne4 7. 0-0 Bd6 8. Nbd2 0-0 9. Ne5 c6 10. Nxd7 Qxd7 11. Nf3 Bg4 12. Ne5 Bxe5 13. Qxg4 f5 14. Qe2 Bc7 15. f3 Nf6 16. Qf2 Rae8 17. Qh4 e5 18. Rae1 e4 19. fxe4 Nxe4 20. Rf3 Rf6 21. Bxe4 Rxe4 22. Qf2 g6 23. Bc3 Qe7 24. a4 Rfe6 25. g3 Bb6 26. Kf1 c5 27. a5 Bc7 28. Bd2 Qd8 29. dxc5 Bxa5 30. c3 Qf6 31. b4 Bc7 32. Qe2 Rc4 33. Qd3 Qe5 34. Rf4 Re4 35. Rxe4 fxe4 36. Qe2 Qf6+ 37. Kg2 Ra6 38. Rf1 Qg7 39. Qb5 Rf6 40. Rxf6 Qxf6 41. Qe2 a6 42. Be1 Qf7 43. Qg4 Qf5 44. Qe2 h5 45. c4 Kh7 46. cxd5 Qxd5 47. Qf2 Qf5 48. Qe2 Bd8 49. Bc3 Be7 50. Qd1 Bg5 51. Qe2 Bh6 52. h3 a5 53. bxa5 Qxc5 54. Qb2 Qd5 55. Bd4 Qf7 56. Qe2 Bf8 57. g4 h4 58. Qf2 Qxf2+ 59. Kxf2 Bb4 60. Bb6 Kg7 61. Ke2 Kf7 62. Kd1 Ke6 63. Kc2 Kd5 64. Kb3 Be1 65. Bd8 Kc5 66. Be7+ Kb5 67. Bd8 Bd2 68. Bxh4 Bxe3 69. Be1 g5 70. h4 gxh4 71. Bxh4 Bc5 72. Bf6 Bb4 73. Bc3 Bf8 74. g5 e3 75. Kc2 Kc4 76. g6 e2 77. Be1 Bh6 78. Bd2 Bg7 79. Be1 Bh6 80. Bd2 Bg7 81. Be1 Bh6 82. Bd2 1/2-1/2

[Event "Berlin Lichtenberger op 13th"]
[Site "Berlin"]
[Date "2014.08.21"]
[Round "6"]
[White "Amelang, Thomas"]
[Black "Zur, Jan"]
[Result "1-0"]
[WhiteElo "2109"]
[BlackElo "2088"]
[PlyCount "93"]
[EventDate "2014.08.16"]
[EventType "swiss"]
[EventRounds "9"]
[EventCountry "GER"]
[SourceTitle "CBM 161 Extra"]
[Source "ChessBase"]
[SourceDate "2014.08.29"]
[SourceVersion "1"]
[SourceVersionDate "2014.08.29"]
[SourceQuality "1"]

1. e4 e5 2. Nf3 Nf6 3. Nxe5 d6 4. Nf3 Nxe4 5. Qe2 Qe7 6. d3 Nf6 7. Bg5 Be6 8. Nc3 h6 9. Bh4 g5 10. Bg3 Nc6 11. 0-0-0 a6 12. a3 0-0-0 13. d4 d5 14. Ne5 Nxe5 15. Bxe5 Rg8 16. Qd3 Nd7 17. Bg3 Nb6 18. Na2 Qd7 19. Qc3 f5 20. f4 Bd6 21. Nb4 gxf4 22. Bh4 Rde8 23. Bf6 Rg6 24. Be5 Bf7 25. Nd3 Nc4 26. Bxf4 Rge6 27. Bxd6 Qxd6 28. Nc5 Qf4+ 29. Kb1 Re3 30. Bd3 Nd6 31. Qb4 b6 32. Bxa6+ Kd8 33. Nd3 Qe4 34. Ne5 Ke7 35. Rhf1 Bh5 36. Rde1 c5 37. Qd2 cxd4 38. Rxe3 dxe3 39. Qc3 Ke6 40. Nc6 e2 41. Re1 Kf7 42. Bd3 Qe3 43. Nd4 Ne4 44. Qc7+ Kf6 45. Qxb6+ Ke5 46. Nf3+ Kf4 47. Qxh6+ 1-0

[Event "Zehlendorf op 14th"]
[Site "Berlin"]
[Date "2014.06.26"]
[Round "7"]
[White "Zur, Jan"]
[Black "Kutschke, Jens"]
[Result "1-0"]
[WhiteElo "2064"]
[BlackElo "2008"]
[PlyCount "79"]
[EventDate "2014.05.08"]
[EventType "swiss"]
[EventRounds "7"]
[EventCountry "GER"]
[SourceTitle "EXT 2023"]
[Source "ChessBase"]
[SourceDate "2022.10.05"]
[SourceVersion "1"]
[SourceVersionDate "2022.10.05"]
[SourceQuality "1"]

1. e4 e6 2. d4 d5 3. Nd2 Nf6 4. e5 Nfd7 5. Bd3 c5 6. c3 Nc6 7. Ne2 cxd4 8. cxd4 f6 9. exf6 Nxf6 10. 0-0 Bd6 11. Nf3 0-0 12. Bf4 Ng4 13. Bxd6 Qxd6 14. Ng3 e5 15. dxe5 Ncxe5 16. Be4 Be6 17. Ng5 Nf6 18. Nf5 Qd7 19. Nxe6 Qxe6 20. Bxd5 Nxd5 21. Qxd5 Qxd5 22. Ne7+ Kh8 23. Nxd5 Rac8 24. Ne3 Nd3 25. b3 Kg8 26. Rad1 Rfd8 27. g3 Rc7 28. Rd2 Rcd7 29. Rfd1 Kf7 30. Nc4 Ke8 31. f4 b5 32. Ne3 a5 33. Kf1 h5 34. Nc2 a4 35. Re2+ Kf7 36. bxa4 bxa4 37. Re4 Nc5 38. Rxd7+ Rxd7 39. Re5 Rc7 40. Rxh5 1-0

[Event "Zehlendorf op 14th"]
[Site "Berlin"]
[Date "2014.06.12"]
[Round "5"]
[White "Krefenstein, Sergej"]
[Black "Zur, Jan"]
[Result "0-1"]
[WhiteElo "2110"]
[BlackElo "2064"]
[PlyCount "132"]
[EventDate "2014.05.08"]
[EventType "swiss"]
[EventRounds "7"]
[EventCountry "GER"]
[SourceTitle "EXT 2023"]
[Source "ChessBase"]
[SourceDate "2022.10.05"]
[SourceVersion "1"]
[SourceVersionDate "2022.10.05"]
[SourceQuality "1"]

1. e4 e5 2. Nf3 Nf6 3. Nxe5 d6 4. Nf3 Nxe4 5. d4 d5 6. Bd3 Nc6 7. 0-0 Be7 8. c4 Nb4 9. Be2 0-0 10. Nc3 Bf5 11. a3 Nxc3 12. bxc3 Nc6 13. Re1 Re8 14. cxd5 Qxd5 15. Bf4 Bd6 16. Be3 Bg4 17. c4 Qe4 18. Qb3 Bxf3 19. Bxf3 Nxd4 20. Bxe4 Nxb3 21. Bxb7 Nxa1 22. Bxa8 Nc2 23. Bc6 Re6 24. Rd1 Nxe3 25. fxe3 Rxe3 26. a4 Re2 27. Rb1 g6 28. Bf3 Rc2 29. Bd5 Kg7 30. Re1 Bc5+ 31. Kh1 h5 32. g3 Bd6 33. Kg1 f5 34. Re8 Kf6 35. Re6+ Kg5 36. Kh1 Rb2 37. Bc6 Bc5 38. h3 Bf2 39. Kh2 h4 40. gxh4+ Bxh4+ 41. Kh1 Rb3 42. Kh2 Bg3+ 43. Kg2 Bf4 44. h4+ Kh6 45. Bf3 Kg7 46. Ra6 Rb2+ 47. Kf1 Be3 48. Be2 Bb6 49. Ke1 c5 50. Bf3 Ra2 51. Kd1 Ra3 52. Bd5 f4 53. a5 Rxa5 54. Rxa5 Bxa5 55. Ke2 Kf6 56. Kf3 Bd2 57. Kg4 a5 58. Bc6 Ke5 59. Be8 Kd4 60. Bxg6 Kxc4 61. h5 Kb3 62. h6 a4 63. h7 Bc3 64. Kxf4 a3 65. Ke3 a2 66. Bf7+ c4 0-1

[Event "Zehlendorf op 14th"]
[Site "Berlin"]
[Date "2014.05.22"]
[Round "3"]
[White "Boettcher, Patrick"]
[Black "Zur, Jan"]
[Result "0-1"]
[WhiteElo "2172"]
[BlackElo "2064"]
[PlyCount "96"]
[EventDate "2014.05.08"]
[EventType "swiss"]
[EventRounds "7"]
[EventCountry "GER"]
[SourceTitle "EXT 2023"]
[Source "ChessBase"]
[SourceDate "2022.10.05"]
[SourceVersion "1"]
[SourceVersionDate "2022.10.05"]
[SourceQuality "1"]

1. d4 d5 2. c4 dxc4 3. Nf3 Nf6 4. e3 e6 5. Bxc4 c5 6. 0-0 a6 7. Qe2 b5 8. Bd3 Bb7 9. a4 b4 10. Nbd2 Nbd7 11. a5 Be7 12. Nc4 0-0 13. Nfe5 Qc7 14. Rd1 Rfd8 15. Bd2 Nxe5 16. dxe5 Nd7 17. f4 f6 18. exf6 Bxf6 19. Qg4 Qc6 20. Be1 Nf8 21. Bf2 Rxd3 22. Rxd3 Qe4 23. Qf3 Qxc4 24. Qxb7 Qxd3 25. Qxa8 Bxb2 26. Rf1 b3 27. Bh4 Bc1 28. Re1 b2 29. Be7 Qf5 30. e4 Qxf4 31. Qb7 Qf7 32. g3 Bg5 33. Rf1 Qxe7 34. Qxb2 Qd6 35. Qe2 Qd4+ 36. Kg2 c4 37. Qf3 Bf6 38. g4 c3 39. Kh3 h6 40. Rd1 Qc5 41. Qd3 Qf2 42. Rf1 Qh4+ 43. Kg2 Qxg4+ 44. Kh1 h5 45. h3 Qh4 46. Qf3 Qg5 47. Rg1 Qxg1+ 48. Kxg1 c2 0-1

[Event "Berlin Lichtenberger op 11th"]
[Site "Berlin"]
[Date "2012.08.24"]
[Round "7"]
[White "Barwich, Alfred"]
[Black "Zur, Jan"]
[Result "1-0"]
[WhiteElo "2011"]
[BlackElo "2001"]
[PlyCount "93"]
[EventDate "2012.08.18"]
[EventType "swiss"]
[EventRounds "9"]
[EventCountry "GER"]
[SourceTitle "CBM 150 Extra"]
[Source "ChessBase"]
[SourceDate "2012.10.19"]
[SourceVersion "1"]
[SourceVersionDate "2012.10.19"]
[SourceQuality "1"]

1. d4 Nf6 2. c4 e6 3. Nc3 Bb4 4. e3 b6 5. Nge2 Bb7 6. a3 Bxc3+ 7. Nxc3 0-0 8. Qc2 d5 9. cxd5 exd5 10. b4 Re8 11. Be2 Qe7 12. 0-0 Nbd7 13. a4 Rac8 14. Ba3 Qe6 15. Rab1 h6 16. Rfc1 c6 17. Bd3 g6 18. Qe2 Rc7 19. a5 Kg7 20. a6 Ba8 21. Nb5 Rcc8 22. Nxa7 Rc7 23. Nb5 Rcc8 24. Nc3 b5 25. Rc2 Nb6 26. Ra1 Re7 27. Bc1 Rce8 28. f3 Qd6 29. Bd2 Nfd7 30. Qf2 f5 31. Ne2 Nc4 32. Bxc4 bxc4 33. Nc3 Qxb4 34. Rb1 Qd6 35. Na4 Rb8 36. Rxb8 Qxb8 37. Rb2 Qa7 38. Nc5 Nxc5 39. dxc5 Qxa6 40. Bc3+ Kh7 41. Rb8 g5 42. Qc2 Rf7 43. g4 d4 44. Bxd4 Qa3 45. gxf5 Rg7 46. f6+ Rg6 47. f7 1-0

[Event "Berlin Lichtenberger op 11th"]
[Site "Berlin"]
[Date "2012.08.22"]
[Round "5"]
[White "Stern, Rene"]
[Black "Zur, Jan"]
[Result "1-0"]
[WhiteElo "2529"]
[BlackElo "2001"]
[PlyCount "47"]
[EventDate "2012.08.18"]
[EventType "swiss"]
[EventRounds "9"]
[EventCountry "GER"]
[SourceTitle "CBM 150 Extra"]
[Source "ChessBase"]
[SourceDate "2012.10.19"]
[SourceVersion "1"]
[SourceVersionDate "2012.10.19"]
[SourceQuality "1"]

1. d4 Nf6 2. c4 e6 3. Nc3 Bb4 4. Bd2 0-0 5. Nf3 c5 6. dxc5 Bxc5 7. g3 Qb6 8. e3 Qc7 9. Bg2 Nc6 10. 0-0 a6 11. Na4 Be7 12. c5 Ne4 13. Rc1 Rd8 14. Qc2 d5 15. cxd6 Nxd6 16. Nd4 Bd7 17. Bxc6 Bxc6 18. Nxc6 bxc6 19. Qxc6 Qa7 20. Qc7 Bf6 21. Ba5 Rd7 22. Qxa7 Raxa7 23. Rfd1 h5 24. Nc5 1-0

[Event "Berlin qualification op"]
[Site "Berlin"]
[Date "2010.04.08"]
[Round "6"]
[White "Slepuschkin, Shenja"]
[Black "Zur, Jan"]
[Result "0-1"]
[WhiteElo "2042"]
[BlackElo "1935"]
[PlyCount "80"]
[EventDate "2010.04.03"]
[EventType "swiss"]
[EventRounds "9"]
[EventCountry "GER"]
[SourceTitle "EXT 2012"]
[Source "ChessBase"]
[SourceDate "2011.11.24"]
[SourceVersion "1"]
[SourceVersionDate "2011.11.24"]
[SourceQuality "1"]

1. e4 c5 2. c3 Nf6 3. e5 Nd5 4. d4 e6 5. Nf3 cxd4 6. Qxd4 Nc6 7. Qe4 f5 8. exf6 Nxf6 9. Qh4 Be7 10. Bd3 0-0 11. Bg5 g6 12. Bh6 Nh5 13. Qa4 Ng7 14. h4 Qc7 15. Nbd2 Ne5 16. Qe4 Nxd3+ 17. Qxd3 Rf5 18. Bxg7 Kxg7 19. h5 Rxh5 20. Rxh5 gxh5 21. 0-0-0 d6 22. Rh1 Bd7 23. Rxh5 h6 24. Qd4+ e5 25. Nxe5 Bf6 26. Qf4 dxe5 27. Qxh6+ Kf7 28. Qh7+ Bg7 29. Rg5 Rg8 30. Nf3 Be6 31. Qg6+ Ke7 32. Qh7 Kf8 33. Nh4 Qc4 34. Qh5 Qf1+ 35. Kc2 Qxf2+ 36. Kd1 Ke7 37. Ng6+ Kf6 38. Rxe5 Rd8+ 39. Kc1 Bh6+ 40. Kb1 Qf1+ 0-1

[Event "Berlin Hellersdorf op"]
[Site "Berlin"]
[Date "2010.01.10"]
[Round "4"]
[White "Gressmann, Moritz"]
[Black "Zur, Jan"]
[Result "1/2-1/2"]
[WhiteElo "1491"]
[BlackElo "1964"]
[PlyCount "48"]
[EventDate "2010.01.08"]
[EventType "swiss"]
[EventRounds "5"]
[EventCountry "GER"]
[SourceTitle "EXT 2012"]
[Source "ChessBase"]
[SourceDate "2011.11.24"]
[SourceVersion "1"]
[SourceVersionDate "2011.11.24"]
[SourceQuality "1"]

1. Nf3 d5 2. e3 Nf6 3. c4 c6 4. Nc3 Nbd7 5. d4 e6 6. Bd3 Bd6 7. 0-0 0-0 8. cxd5 exd5 9. Qc2 Re8 10. Re1 Nf8 11. Bd2 Bg4 12. Be2 Ne4 13. h3 Bf5 14. Qb3 Qd7 15. Rad1 Re6 16. Nh4 Bxh3 17. gxh3 Be7 18. Ng2 Rg6 19. Bg4 f5 20. Nxe4 fxg4 21. h4 Ne6 22. Ng3 Rf8 23. Qd3 Rgf6 24. Rf1 g5 1/2-1/2

[Event "Berlin-ch Class-A"]
[Site "Berlin"]
[Date "2009.05.24"]
[Round "7"]
[White "Zur, Jan"]
[Black "Goetze, Frank"]
[Result "0-1"]
[WhiteElo "1941"]
[BlackElo "2021"]
[PlyCount "70"]
[EventDate "2009.05.20"]
[EventType "tourn"]
[EventRounds "7"]
[EventCountry "GER"]
[SourceTitle "EXT 2012"]
[Source "ChessBase"]
[SourceDate "2011.11.24"]
[SourceVersion "1"]
[SourceVersionDate "2011.11.24"]
[SourceQuality "1"]

1. e4 c5 2. Nf3 d6 3. d4 cxd4 4. Nxd4 Nf6 5. Nc3 a6 6. Bg5 e6 7. f4 Be7 8. Qf3 h6 9. Bh4 Qc7 10. 0-0-0 Nc6 11. g4 Nxd4 12. Rxd4 b5 13. f5 Bb7 14. Bh3 e5 15. Rd2 b4 16. Nd5 Nxd5 17. Bxe7 Nxe7 18. f6 gxf6 19. Qxf6 0-0-0 20. Re1 Ng6 21. g5+ Kb8 22. gxh6 Rxh6 23. Bf5 Rdh8 24. Bxg6 fxg6 25. Qxd6 Qxd6 26. Rxd6 Rxh2 27. Rxg6 Rc8 28. c3 bxc3 29. bxc3 Rxc3+ 30. Kb1 Rc4 31. Rg4 Ka7 32. Re3 Ra4 33. a3 Ra5 34. Rb3 Re2 35. Rg7 Rb5 0-1

[Event "Berlin-ch Class-A"]
[Site "Berlin"]
[Date "2009.05.23"]
[Round "5"]
[White "Zur, Jan"]
[Black "Zschaebitz, Klaus"]
[Result "1/2-1/2"]
[WhiteElo "1941"]
[BlackElo "2100"]
[PlyCount "135"]
[EventDate "2009.05.20"]
[EventType "tourn"]
[EventRounds "7"]
[EventCountry "GER"]
[SourceTitle "EXT 2012"]
[Source "ChessBase"]
[SourceDate "2011.11.24"]
[SourceVersion "1"]
[SourceVersionDate "2011.11.24"]
[SourceQuality "1"]

1. e4 e6 2. d4 d5 3. exd5 exd5 4. Bd3 Nc6 5. c3 Bd6 6. Nf3 Nge7 7. Qc2 Bg4 8. Nbd2 Qd7 9. 0-0 Bf5 10. Re1 0-0 11. Nb3 Rfe8 12. Bg5 h6 13. Bh4 Bxd3 14. Qxd3 Qf5 15. Qf1 Ng6 16. Bg3 Nf4 17. Rxe8+ Rxe8 18. Re1 Rxe1 19. Qxe1 Kf8 20. h4 Qc2 21. Bxf4 Bxf4 22. g3 Bd6 23. Qc1 Qe2 24. Nfd2 Ne7 25. Qf1 Qe6 26. Nc5 Qc8 27. Qb5 b6 28. Nd7+ Kg8 29. Ne5 c6 30. Qe2 Qe6 31. Qg4 f5 32. Qe2 f4 33. Kg2 Ng6 34. Qg4 Qxg4 35. Nxg4 h5 36. Nh2 Kf7 37. Nhf3 Kf6 38. Ng5 Ne7 39. Kf3 Nf5 40. Nf1 c5 41. dxc5 bxc5 42. Nh3 fxg3 43. fxg3 d4 44. Nf4 g6 45. Nd2 Nxg3 46. cxd4 cxd4 47. b4 Kf5 48. Nd3 Ke6 49. Ne4 Nf5 50. Nxd6 Kxd6 51. Ke4 Nxh4 52. Nf4 d3 53. Nxd3 Nf5 54. a4 h4 55. Kf3 Nh6 56. b5 Nf7 57. a5 g5 58. b6 a6 59. Nb4 Ne5+ 60. Kg2 Nc4 61. Nxa6 Nxa5 62. Nc7 Nb7 63. Kh3 Nd8 64. Nb5+ Kc5 65. Nc3 Kd4 66. Ne2+ Ke3 67. Ng3 Kf3 68. Nf5 1/2-1/2